| Tag |
First Indicator |
Second Indicator |
Subfields |
| LEADER |
00000cas a2200000 a 4500 |
| 001 |
in00000036616 |
| 005 |
20190708120504.0 |
| 008 |
800212d1936194uag uu m f0 0spa c |
| 010 |
|
|
|a 2009240165
|
| 035 |
|
|
|a (OCoLC)ocm05977709
|
| 035 |
|
|
|a (OCoLC)05977709
|
| 035 |
|
|
|9 AAD4088AM
|
| 040 |
|
|
|a IXA
|b eng
|c IXA
|d OCLCQ
|d IXA
|d OCLCQ
|d OCLCF
|d OCLCO
|d OCLCA
|d OCLCQ
|
| 019 |
|
|
|a 33908862
|
| 035 |
|
|
|a (OCoLC)5977709
|z (OCoLC)33908862
|
| 042 |
|
|
|a pcc
|
| 043 |
|
|
|a s-ag---
|
| 050 |
|
|
|a SB251.A6
|b A15
|
| 082 |
0 |
4 |
|a 633.51061
|
| 049 |
|
|
|a TXAM
|
| 130 |
0 |
|
|a Publicaciones (Argentina. Junta Nacional del Algodón)
|
| 245 |
0 |
0 |
|a [Publicaciones].
|
| 264 |
|
1 |
|a Buenos Aires :
|b República Argentina, Ministerio de Agricultura, Junta Nacional del Algodón,
|c 1936-
|
| 300 |
|
|
|a volumes :
|b illustrations, maps ;
|c 25 cm
|
| 336 |
|
|
|a text
|b txt
|2 rdacontent
|
| 337 |
|
|
|a unmediated
|b n
|2 rdamedia
|
| 338 |
|
|
|a volume
|b nc
|2 rdacarrier
|
| 362 |
1 |
|
|a Began with: No. 1 (sept. de 1936).
|
| 500 |
|
|
|a Each issue has a distinctive title.
|
| 580 |
|
|
|a Some issues are the Memoria of the Junta Nacional del Algodón; title varies slightly.
|
| 588 |
|
|
|a Description based on first issue; title from reference source.
|
| 588 |
|
|
|a Latest issue consulted: No. 67 (1943).
|
| 650 |
|
0 |
|a Cotton growing
|z Argentina.
|
| 650 |
|
0 |
|a Cotton manufacture
|z Argentina.
|
| 650 |
|
0 |
|a Cotton trade
|z Argentina.
|
| 650 |
|
7 |
|a Cotton growing.
|2 fast
|0 (OCoLC)fst00880982
|
| 650 |
|
7 |
|a Cotton manufacture.
|2 fast
|0 (OCoLC)fst00881013
|
| 650 |
|
7 |
|a Cotton trade.
|2 fast
|0 (OCoLC)fst00881080
|
| 651 |
|
7 |
|a Argentina.
|2 fast
|0 (OCoLC)fst01205614
|
| 710 |
1 |
|
|a Argentina.
|b Junta Nacional del Algodón.
|
| 710 |
1 |
|
|a Argentina.
|b Junta Nacional del Algodón.
|t Memoria.
|
| 776 |
0 |
8 |
|i Online version:
|t Publicaciones (Argentina. Junta Nacional del Algodón)
|w (OCoLC)761461274
|
| 785 |
0 |
0 |
|t Publicaciones (Argentina. Dirección de Algodón)
|w (DLC) 2009240166
|w (OCoLC)301239047
|
| 994 |
|
|
|a C0
|b TXA
|
| 949 |
|
|
|a updated
|b h
|c 2019/7/8
|e coplinger
|f 12:04:58 pm
|
| 999 |
f |
f |
|s dd2f9a68-4be4-3f67-8fd5-5610a45e69d8
|i 13c03a0e-4d69-37f6-a774-56f661a33d27
|t 0
|
| 952 |
f |
f |
|p storage
|a Texas A&M University
|b J.J. Pickle Campus
|c High Density Repository
|d Remote Storage
|t 0
|e SB251.A6 A15
|h Library of Congress classification
|i unmediated -- volume
|k no.2,4-5,7,10
|l 1936
|m AM1480058545
|
| 952 |
f |
f |
|p storage
|a Texas A&M University
|b J.J. Pickle Campus
|c High Density Repository
|d Remote Storage
|t 0
|e SB251.A6 A15
|h Library of Congress classification
|i unmediated -- volume
|k no.12-14,16
|l 1936
|m AM1480058507
|
| 998 |
f |
f |
|a SB251.A6 A15
|s no.2,4-5,7,10,12-14,16 (1936)
|t 0
|l Remote Storage
|